000 00907nam a2200229 a 4500
001 000006362
005 20200929153924.0
008 090828s2007 dr ac 000 0 spa d
020 _a9945415107
040 _aDO-SdBNP
_bspa
_cBNPHU
082 _a972.93
_bD632m
100 1 _aDobal Márquez, Carlos
_917705
245 1 0 _aMemorandum a mi memoria /
_cCarlos Dobal Máquez.
260 _aSanto Domingo :
_bPontificia Universidad Católica Madre y Maestra,
_c2007.
300 _a379 p. :
_bil., retrs. ;
_c24 cm.
500 _aIncluye datos biográficos del autor en la solapa de la cubierta.
650 4 _aAutores dominicanos
_xRelatos personales
_917706
651 4 _aRepública Dominicana
_xVida Social Y Costumbres
_xCorrespondencia, Memorias, Etc.
_917707
651 4 _aRepública Dominicana
_xHistoria
_xCorrespondencia, Memorias, Etc.
_917708
910 _aValidado. Control de calidad EMS
049 _aBNPD
999 _c6157
_d6157